Statistics for 2022 College Football Leading Rushers

Click here to take the quiz!

General Stats

  • This quiz has been taken 14 times
  • The average score is 12 of 30

Answer Stats

RankNameYardsSchool% Correct
10Bijan Robinson1158Texas
86%
3Blake Corum1349Michigan
71%
22Will Shipley899Clemson
71%
17Braelon Allen1029Wisconsin
64%
11Kendre Miller1147TCU
64%
5Mohamed Ibrahim1261Minnesota
64%
1Chase Brown1442Illinois
57%
9Quinshon Judkins1171Ole Miss
57%
16Deuce Vaughn1081Kansas State
50%
23Devon Achane887Texas A&M
50%
13Zach Charbonnet1145UCLA
50%
8Israel Abanikanda1207Pittsburgh
43%
12Raheim Sanders1147Arkansas
43%
24Travis Dye884USC
43%
7Brad Roberts1241Air Force
36%
2DeWayne McBride1407UAB
36%
14Eric Gray1113Oklahoma
36%
30Ray Davis860Vanderbilt
36%
25Anthony Grant880Nebraska
29%
4Carson Steele1280Ball State
29%
28Jordan Mims872Fresno State
29%
19Keaton Mitchell975East Carolina
29%
6Khalan Laborn1253Marshall
29%
26Tyjae Spears875Tulane
29%
18Xazavian Valladay986Arizona State
29%
20Devin Neal951Kansas
21%
21La'Damian Webb943South Alabama
21%
27Brian Battie873South Florida
14%
29Harrison Waylee863Northern Illinois
14%
15Marquez Cooper1106Kent State
14%

Score Distribution

Percentile by Number Answered

Percent of People with Each Score

Your Score History

You have not taken this quiz